| 000 | 00879nam a2200265 a 4500 | ||
|---|---|---|---|
| 001 | 000018713 | ||
| 003 | DO-SdBNP | ||
| 005 | 20250129121827.0 | ||
| 007 | ta | ||
| 008 | 100514s2010 dr c 000 0 spa d | ||
| 020 | _a9789945872934 | ||
| 040 |
_aDO-SdBNP _bspa _cBNPHU |
||
| 082 | 4 |
_aRD861.44 _bG261f _222 |
|
| 245 | 0 | 0 |
_aFreddy Gatón Arce : _bantología / _cSelección Manuel Mora Serrano, Cayo Claudio Espinal. |
| 260 |
_aSanto Domingo : _bDirección General de la Feria del Libro, _c2010. |
||
| 300 |
_a154 p. : _bretr. ; _c24 cm. |
||
| 590 | _aInventariado, 2023/BT | ||
| 600 | 1 | 0 |
_aGatón Arce, Freddy, _d1920-1994 _xHistoria y crítica _97946 |
| 650 | 4 |
_aPoesía dominicana _xColecciones _9351 |
|
| 650 | 0 |
_aLiteratura dominicana. _967 |
|
| 700 | 1 |
_aMora Serrano, Manuel, _c1933- _95162 |
|
| 700 | 1 |
_aEspinal, Cayo Claudio _940395 |
|
| 910 | _aBT | ||
| 942 |
_2ddc _cLBS1 |
||
| 999 |
_c18233 _d18233 |
||